Akal budi Melayu dalam Bahasa dan Sastera Moden

Bibliographic Details
Other Authors: A. S. Hardy Shafii, Dr, Rahimah A. Hamid
Format: Book
Published: Pulau Pinang : Universiti Sains Malaysia (USM) , 2017
Subjects:

MARC

LEADER 00000cam a2200000 7i4500
001 0000082000
005 20190216.0
008 190113
020 |a 9789674611774 
041 0 |a Malay 
090 0 0 |a 899.2309   |b AKA 
245 0 0 |a Akal budi Melayu dalam Bahasa dan Sastera Moden   |c editor Rahimah A. Hamid, A. S. Hardy Shafii 
260 |a Pulau Pinang :   |b Universiti Sains Malaysia (USM) ,   |c 2017 
300 |a 150p ;   |c 24.1cm. 
541 0 0 |c Purchased on 2018   |f 2018/109 EKM   |h RM26.00 
650 0 |a Malay literature   |x History and criticism 
700 0 |a A. S. Hardy Shafii, Dr. 
700 0 |a Rahimah A. Hamid 
999 |a 0001531754   |b Book   |c Adult Collection   |e Cawangan Mersing 
999 |a 0001531755   |b Book   |c Adult Collection   |e Cawangan Tmn. Ungku Tun Aminah 
999 |a 0001531756   |b Book   |c Adult Collection   |e Cawangan Bukit Gambir 
999 |a 0001531757   |b Book   |c Adult Collection   |e Cawangan Bandar Penawar 
999 |a 0001531759   |b Book   |c Adult Collection   |e Cawangan Pontian 
999 |a 0001531760   |b Book   |c Adult Collection   |e Cawangan Sri Merlong 
999 |a 0001531761   |b Book   |c Adult Collection   |e Cawangan Segamat 
999 |a 0001531762   |b Book   |c Adult Collection   |e Cawangan Taman Sri Lambak 
999 |a 0001531764   |b Book   |c Adult Collection   |e Cawangan Kota Tinggi 
999 |a 0001531766   |b Book   |c Adult Collection   |e Cawangan Bandar Tenggara 
999 |a 0001532196   |b Book   |c Adult Collection   |e Perbadanan Perpustakaan Awam Johor 
999 |a 0001532197   |b Book   |c Adult Collection   |e Cawangan Urban Transformation Centre 
999 |a 0001532198   |b Book   |c Adult Collection   |e Cawangan AEON Kulaijaya